000 00429nam a2200181Ia 4500
001 30380
003 IN-NITTTR
005 20251114233411.0
008 251113s9999||||xx |||||||||||||| ||eng||
040 _beng
040 _cIN-NITTTR
041 _aeng
082 _a651.3 D1P
100 _aDoriyal, K. S.
245 0 _aPrashasnik sabdawali /
_cDoriyal, K. S., Rawat, Girdhar
700 _a Rawat, Girdhar
942 _2ddc
_cBK
999 _c33008
_d33008